000 01326nam a2200397 a 4500
001 Z_4267
003 CHAP
005 20240419115454.0
007 ta
008 220113t1997 sp ado fr 001 0 spa d
010 _a167331
020 _a84-200-0875-3
040 _cCHAP
_aZ
082 0 0 _a636.20898
_bN63 1997
_220
100 0 0 _aNoakes, David E.
_981513
_eautor
240 1 0 _aFertility and obstetrics in cattle
_lEpañol
245 1 0 _aFertilidad y obstetricia del ganado vacuno /
_cDavid E. Noakes; traducción Pedro Ducar Maluenda
250 _a2a edición
264 _aZaragoza:
_bAcribia
_c1997
300 _axv, 175 páginas: ilustraciones, gráficas, tablas, fotografías
336 _atexto
_2rdaconten
337 _2rdamedia
_asin medio
_bn
338 _2rdacarrier
_avolumen
_bnc
503 _aej.1: \ ej.2: C/E
504 _aBibliografía: paginas 171
534 _cOxford, Cambridge, Mass. : Blackwell Science Limited, 1997
_pTitulo original:
_tFertility and obstetrics in cattle, 2a ed.
650 1 3 _aGanado bovino
_xFertilidad
_9138033
650 1 0 _aGanado bovino
_xReproducción
_9138033
650 1 3 _aObstetricia veterinaria
_982589
700 1 _934347
_aDucar Maluenda, Pedro
_etraductor
901 _a63620898 N63 1997
902 _aM
910 _a1997
942 _c1
_2ddc
942 _2ddc
999 _c167331
_d167331